| 000 | 00419cam a22001097a 4500 | ||
|---|---|---|---|
| 008 | 180718b1970 xxu||||| |||| 00| 0 eng d | ||
| 082 | _aR22x54 In2s/2 | ||
| 245 |
_aReport of the second central wage board for the sugar industry _cby Ministry of Labour, Employment and Rehabilitation |
||
| 260 |
_aNew Delhi _bGovernment of India _c1970 |
||
| 300 | _a234p | ||
| 700 | _aIndia. Ministry of Labour, Employment and Rehabilitation | ||
| 999 |
_c495954 _d495954 |
||